<?xml version="1.0" encoding="UTF-8"?><marc:collection xmlns:marc="http://www.loc.gov/MARC21/slim">
  <marc:record>
    <marc:leader>00000nam  2200000zi 4500</marc:leader>
    <marc:controlfield tag="001">9.946587</marc:controlfield>
    <marc:controlfield tag="003">CaOODSP</marc:controlfield>
    <marc:controlfield tag="005">20250107143009</marc:controlfield>
    <marc:controlfield tag="006">m     o  d f      </marc:controlfield>
    <marc:controlfield tag="007">cr |n|||||||||</marc:controlfield>
    <marc:controlfield tag="008">250107e197306##onc     ob   f000 0 eng d</marc:controlfield>
    <marc:datafield tag="040" ind1=" " ind2=" ">
      <marc:subfield code="a">CaOODSP</marc:subfield>
      <marc:subfield code="b">eng</marc:subfield>
      <marc:subfield code="e">rda</marc:subfield>
      <marc:subfield code="c">CaOODSP</marc:subfield>
    </marc:datafield>
    <marc:datafield tag="043" ind1=" " ind2=" ">
      <marc:subfield code="a">n-cn-nt</marc:subfield>
    </marc:datafield>
    <marc:datafield tag="086" ind1="1" ind2=" ">
      <marc:subfield code="a">En57-46/12E-PDF</marc:subfield>
    </marc:datafield>
    <marc:datafield tag="100" ind1="1" ind2=" ">
      <marc:subfield code="a">Swyszcz, O. O., </marc:subfield>
      <marc:subfield code="e">author.</marc:subfield>
    </marc:datafield>
    <marc:datafield tag="245" ind1="1" ind2="0">
      <marc:subfield code="a">Applied regression analysis on global radiation in the Mackenzie Valley / </marc:subfield>
      <marc:subfield code="c">by O.O. Swyszcz and B.M. Burns.</marc:subfield>
    </marc:datafield>
    <marc:datafield tag="264" ind1=" " ind2="1">
      <marc:subfield code="a">Toronto : </marc:subfield>
      <marc:subfield code="b">Environment Canada, Atmospheric Environment Service, Central Services Directorate, </marc:subfield>
      <marc:subfield code="c">June 1973.</marc:subfield>
    </marc:datafield>
    <marc:datafield tag="300" ind1=" " ind2=" ">
      <marc:subfield code="a">1 online resource (12 pages).</marc:subfield>
    </marc:datafield>
    <marc:datafield tag="336" ind1=" " ind2=" ">
      <marc:subfield code="a">text</marc:subfield>
      <marc:subfield code="b">txt</marc:subfield>
      <marc:subfield code="2">rdacontent</marc:subfield>
    </marc:datafield>
    <marc:datafield tag="337" ind1=" " ind2=" ">
      <marc:subfield code="a">computer</marc:subfield>
      <marc:subfield code="b">c</marc:subfield>
      <marc:subfield code="2">rdamedia</marc:subfield>
    </marc:datafield>
    <marc:datafield tag="338" ind1=" " ind2=" ">
      <marc:subfield code="a">online resource</marc:subfield>
      <marc:subfield code="b">cr</marc:subfield>
      <marc:subfield code="2">rdacarrier</marc:subfield>
    </marc:datafield>
    <marc:datafield tag="490" ind1="1" ind2=" ">
      <marc:subfield code="a">Project report (Canada. Meteorological Applications Branch) ; </marc:subfield>
      <marc:subfield code="v">no. 12</marc:subfield>
    </marc:datafield>
    <marc:datafield tag="500" ind1=" " ind2=" ">
      <marc:subfield code="a">Digitized edition from print [produced by Environment and Climate Change Canada].</marc:subfield>
    </marc:datafield>
    <marc:datafield tag="500" ind1=" " ind2=" ">
      <marc:subfield code="a">On cover: The Arctic Development Unit, Arctic Meteorology Section, Applications and Consultation Division,        Meteorological Applications Branch.</marc:subfield>
    </marc:datafield>
    <marc:datafield tag="504" ind1=" " ind2=" ">
      <marc:subfield code="a">Includes bibliographical references (page 7).</marc:subfield>
    </marc:datafield>
    <marc:datafield tag="650" ind1=" " ind2="0">
      <marc:subfield code="a">Global radiation</marc:subfield>
      <marc:subfield code="z">Northwest Territories</marc:subfield>
      <marc:subfield code="z">Mackenzie River Valley</marc:subfield>
      <marc:subfield code="x">Forecasting</marc:subfield>
      <marc:subfield code="x">Statistical methods.</marc:subfield>
    </marc:datafield>
    <marc:datafield tag="650" ind1=" " ind2="0">
      <marc:subfield code="a">Global radiation</marc:subfield>
      <marc:subfield code="z">Northwest Territories</marc:subfield>
      <marc:subfield code="z">Mackenzie River Valley</marc:subfield>
      <marc:subfield code="x">Analysis</marc:subfield>
      <marc:subfield code="x">Statistical methods.</marc:subfield>
    </marc:datafield>
    <marc:datafield tag="650" ind1=" " ind2="0">
      <marc:subfield code="a">Regression analysis.</marc:subfield>
    </marc:datafield>
    <marc:datafield tag="650" ind1=" " ind2="6">
      <marc:subfield code="a">Rayonnement global</marc:subfield>
      <marc:subfield code="z">Territoires du Nord-Ouest</marc:subfield>
      <marc:subfield code="z">Mackenzie, Vallée du</marc:subfield>
      <marc:subfield code="x">Prévision</marc:subfield>
      <marc:subfield code="x">Méthodes statistiques.</marc:subfield>
    </marc:datafield>
    <marc:datafield tag="650" ind1=" " ind2="6">
      <marc:subfield code="a">Rayonnement global</marc:subfield>
      <marc:subfield code="z">Territoires du Nord-Ouest</marc:subfield>
      <marc:subfield code="z">Mackenzie, Vallée du</marc:subfield>
      <marc:subfield code="x">Analyse</marc:subfield>
      <marc:subfield code="x">Méthodes statistiques.</marc:subfield>
    </marc:datafield>
    <marc:datafield tag="650" ind1=" " ind2="6">
      <marc:subfield code="a">Analyse de régression.</marc:subfield>
    </marc:datafield>
    <marc:datafield tag="710" ind1="1" ind2=" ">
      <marc:subfield code="a">Canada. </marc:subfield>
      <marc:subfield code="b">Meteorological Applications Branch. </marc:subfield>
      <marc:subfield code="b">Applications and Consultation Division, </marc:subfield>
      <marc:subfield code="e">issuing body.</marc:subfield>
    </marc:datafield>
    <marc:datafield tag="830" ind1="#" ind2="0">
      <marc:subfield code="a">Project report (Canada. Meteorological Applications Branch)</marc:subfield>
      <marc:subfield code="v">no. 12.</marc:subfield>
      <marc:subfield code="w">(CaOODSP)9.883702</marc:subfield>
    </marc:datafield>
    <marc:datafield tag="856" ind1="4" ind2="0">
      <marc:subfield code="q">PDF</marc:subfield>
      <marc:subfield code="s">16,033 KB</marc:subfield>
      <marc:subfield code="u">https://publications.gc.ca/collections/collection_2025/eccc/en57/En57-46-12-eng.pdf</marc:subfield>
    </marc:datafield>
  </marc:record>
</marc:collection>
